| 000 | 01749cam a2200277 4500 | ||
|---|---|---|---|
| 001 | E132794 | ||
| 008 | 010726n2005 000 0 eng u | ||
| 020 | _a1904388450 | ||
| 035 | _a(Sirsi) u132794 | ||
| 041 | _aeng | ||
| 050 | _a549.66 | ||
| 100 | _aWinstone, P. | ||
| 245 | _aAsbestos - the issues: a CPD study pack | ||
| 260 |
_aOxford _bCollege of Estate Management _c2005 |
||
| 350 | _a57.00 | ||
| 490 | _aCollege of Estate Management CPD Study Pack | ||
| 520 | _aAsbestos is one of most highly regulated topics in the United Kingdom, and although its importation and use is now prohibited, it is still found in the majority of buildings. This study pack aims to remove the mystique and some of the myths, surrounding this "taboo" material and its historic use in buildings. It is intended for those carrying out or commissioning asbestos-related services in connection with all aspects of the property industry. Relevant legislation is summarised and you will find background information on the different forms and types of asbestos-containing materials commonly found in buildings as well as advice on evaluating and controlling the risks that they may present. All aspects of asbestos are addressed, including inspection & sampling; registers and asbestos management plans; its removal, treatment and disposal and the selection of asbestos inspectors, analysts and contractors. | ||
| 520 | _aSupersedes 2003 edition (ISBN 1904388116). | ||
| 650 | _aACCREDITATION SCHEMES | ||
| 650 | _aMANAGEMENT-HEALTH AND SAFETY-HAZARDOUS SUBSTANCES-ASBESTOS | ||
| 650 | _aASBESTOS REMOVAL | ||
| 650 | _aHEALTH & SAFETY | ||
| 690 | _aBUILT ENVIRONMENT-BUILDING STANDARDS | ||
| 710 |
_aCollege of Estate Management _9400 |
||
| 942 | _n0 | ||
| 999 |
_c105232 _d105232 |
||